LEADER 01579nam a2200313 a 4500
001 2067455
003 BD-DhAAL
008 100513s1994 nyua j 000 1 eng d
010 |a  94005859  
020 |a 9780141441795 
020 |a 0140621067 
040 |a DLC  |c DLC  |d DLC  |d BD-DhAAL 
082 0 0 |a 823/.8  |2 20 
100 1 |a Stevenson, Robert Louis,  |d 1850-1894.  |9 6124 
245 1 0 |a Kidnapped /  |c Robert Louis Stevenson  
260 |a London:  |b Penguin Books,  |c c1994. 
300 |a 225 pages,  |a liii, 232 pages ;  |b col. illustrations ;  |c 22 cm 
490 0 |a Penguin Popular Classics. 
541 1 |e 00010035, 45309  |a Donated by Farhana Zahir, Assistant Professor, BRAC Business School, BRAC University. 
650 1 |a Adventure and adventurers  |x Fiction.  |9 57371 
650 1 |a Kidnapping  |v Juvenile fiction.  |9 60244 
651 0 |a Scotland  |x History  |y 18th century  |x Juvenile fiction.  |9 60245 
651 1 |a Scotland  |x History  |y 18th century  |x Fiction.  |9 12835 
655 7 |a Historical fiction.  |2 gsafd 
852 4 |a Ayesha Abed Library  |j General shelf 
942 0 0 |0 1  |2 ddc  |c BK 
999 |c 8571  |d 8571 
952 |0 0  |1 0  |2 ddc  |4 0  |6 823_800000000000000_STE_1994  |7 0  |9 10191  |a BRACUL  |b BRACUL  |c GEN  |d 2010-05-16  |l 13  |m 40  |o 823.8 STE  |p 3010010035  |r 2019-07-07  |s 2019-05-13  |t 1  |w 2010-05-16  |y BK 
952 |0 0  |1 0  |2 ddc  |4 0  |6 823_800000000000000_STE  |7 0  |9 78807  |a BRACUL  |b BRACUL  |c NEW  |d 2026-02-08  |e Donated by Farhana Zahir, Assistant Professor, BRAC Business School, BRAC University  |l 0  |o 823.8 STE  |p 3010045309  |r 2026-02-08  |t 1  |w 2026-02-08  |y BK  |x Donated by Farhana Zahir, Assistant Professor, BRAC Business School, BRAC University ; $13.00